A quels milliardaires appartiennent ces chaînes de télé françaises ? - Statistiques

Statistiques générales
  • Ce quiz a été pris 16 fois
    4 depuis la dernière actualisation
  • Le résultat moyen est 5 sur 18
Statistiques - réponses
Hint Réponse % Correct
CNEWS Bolloré
100%
CSTAR Bolloré
67%
Canal + Bolloré
33%
TF1 Bouygues
33%
TMC Bouygues
33%
TFX Bouygues
33%
LCI Bouygues
33%
TFI Séries Films Bouygues
33%
M6 Mohn
33%
W9 Mohn
33%
Gulli Mohn
33%
BFM TV Saadé
33%
L'Equipe Amaury
0%
Chérie 25 Baudecroux
0%
T18 Kretinsky
0%
6ter Mohn
0%
RMC Story Saadé
0%
RMC Découverte Saadé
0%
Aucun quiz correspondant
Distribution des résultats
% des personnes avec chaque résultat
Percentile par nombre de réponses
Votre historique - résultats
Vous n’avez pas pris ce quiz depuis la dernière actualisation